Statistiken für Hauptstädte die mit A enden

Klicken Sie hier um das Quiz zu spielen!

Allgemein

  • Dieses Quiz wurde 1.102 mal gespielt
    (1.074 seit der letzten Aktualisierung)
  • Das Durchschnittsergebnis liegt bei 32 aus 47

Antwortstatistiken

Antwort% Korrekt
Brasília
88%
Ankara
87%
Canberra
86%
Ottawa
85%
Bogota
79%
Andorra là Vella
78%
Valletta
78%
Luanda
77%
Riga
77%
Sofia
77%
Lima
76%
Tirana
74%
Accra
73%
Addis Abeba
73%
Havanna
73%
Sanaa
73%
Bratislava
71%
Jakarta
71%
Ljubljana
71%
Manila
71%
Pretoria
71%
Asmara
69%
Dhaka
69%
Lusaka
69%
Kampala
68%
Doha
67%
Managua
67%
Nikosia
67%
Pristina
66%
Juba
65%
Manama
65%
Abuja
64%
Dodoma
64%
Podgorica
64%
Kinshasa
63%
Suva
63%
Monrovia
61%
Praia
61%
Apia
60%
Victoria
60%
Tegucigalpa
55%
N Djamena
51%
Port Vila
51%
Gitega
49%
Honiara
46%
Nuku alofa
44%
South Tarawa
41%

Verteilung der Resultate

Perzentil nach korrekt beantworteten Fragen

Anzahl Personen mit jedem Resultat

Ihre Resultats-Entwicklung

Sie haben dieses Quiz seit der letzten Aktualisierung nicht gespielt